"Sepan Gobernantes y Católicos"
Síntesis: Artículos publicados por este semanario, titulados de la siguiente manera: a)"Sepan Gobernantes y Católicos", habla de las leyes que siempre seran el rigor para los Católicos. b)"Socialismo" se cuestiona la participación del socialismo dentro de la sociedad., c)"Una comprobación". En este...
Shranjeno v:
| Korporativna značnica: | |
|---|---|
| Format: | Knjiga |
| Teme: | |
| Oznake: |
Brez oznak, prvi označite!
|
MARC
| LEADER | 00000nam^a2200000^a^4500 | ||
|---|---|---|---|
| 001 | 000250909 | ||
| 005 | 20250526000000.0 | ||
| 009 | 20260310105831.137 | ||
| 035 | |a R01913 | ||
| 037 | |a Acervo Xavier Clavigero | ||
| 082 | |a 91. |b COM | ||
| 110 | |a Comité Popular de Defensa Mexicana | ||
| 245 | 1 | 0 | |a "Sepan Gobernantes y Católicos" |
| 264 | |a Los Angeles, EUA : |b Destinatario: Público en General, |c 1935 | ||
| 300 | |a 1 foja, impreso original, 22.8x30cms. | ||
| 336 | |a texto |b txt |2 rdacontenido | ||
| 337 | |a sin mediación |b n |2 rdamedio | ||
| 338 | |a volumen |b nc |2 rdasoporte | ||
| 520 | |a Síntesis: Artículos publicados por este semanario, titulados de la siguiente manera: a)"Sepan Gobernantes y Católicos", habla de las leyes que siempre seran el rigor para los Católicos. b)"Socialismo" se cuestiona la participación del socialismo dentro de la sociedad., c)"Una comprobación". En este apartado se habla del Decimo congreso del sindicato Rojo. | ||
| 598 | |a Boletín Pro-Patria Núm. 37 | ||
| 598 | |a En la biblioteca del ILFC, Guadalajara, Jal. | ||
| 598 | |a Lugares que cita el documento: Guadalajara, Jal., Morelia,Michoacán, México | ||
| 610 | |a Comité Popular de Defensa Mexicana | ||
| 649 | |a XX | ||
| 650 | |a * Propaganda | ||
| 600 | |a Villaseñor, Pedro B. | ||
| 910 | |a Fondo Jesús Gómez Fregoso S.J. FXC | ||
| 920 | |a Impresos - Documentos | ||
| 930 | |a Libros Antiguos y Raros | ||
| 940 | |a Guerra Cristera | ||
| 905 | |a 110 | ||
| 901 | |a R01913 |b IT2 |c LRA |i R01913 |u 20250526 | ||
| 902 | |a https://opac.biblio.iteso.mx/vufind/Record/000250909 | ||